000 01350cam a22003737a 4500
003 CHAP
005 20220329133332.0
008 971013s1990 r 00010 d
010 _a5077
011 _a6049
035 _a5267
040 _cCHAP
090 _aFolleto 13476
100 0 0 _aEcheverría, Rubén G.
_935081
245 0 _aInversiones públicas y privadas en la investigación sobre maíz en México y Guatemala
_c/por Rubén G., Echeverría
260 _aMéxico, D.F. :
_bCIMMYT. Programa de Economía,
_c1990.
300 _a34 p.
490 0 _aCIMMYT. Programa de economía
490 0 _aDocumento de trabajo
_v; 90/03
590 _aBATCH-UPD
_b10
_c20130110
_lUCH01
_h1759
590 _aBATCH-UPD
_b10
_c20130410
_lUCH01
_h1135
590 _aBATCH-UPD
_b10
_c20130914
_lUCH01
_h0939
590 _aCONVERSION
_b10
_c20130109
_lUCH01
_h1304
650 1 4 _aInversiones
_zMéxico.
_960189
650 1 4 _aMaíz
_xAspectos económicos
_xMéxico.
_970874
650 1 4 _aMaíz
_xInvestigación
_xGuatemala.
_970990
650 1 4 _aMaíz
_xInvestigación
_xMéxico.
_970991
830 0 _aCIMMYT. Programa de economía
_923314
830 0 _aDocumento de trabajo
_v; 90/03
_933227
901 _aBK
942 _cFOLL
949 _aFolleto 13476
_bBC
_cFOLL
_d-14836
_eTS1
_i5267
_mD
_si
949 _aFolleto 13476
_bBC
_cFOLL
_d52672
_eTS2
_fc.2
_gDonaciØn
_i5267
_sb
999 _c5077
_d5077